Представление документа в формате MARC21

Поле Инд. ПП Название Значение
Тип записи a
Библиографический уровень m
001 Контрольный номер DU/583867790
005 Дата корректировки 20251212162644.8
008 Кодируемые данные 20080905
020 a ISBN 978-5-8114-0631-9
084 a Индекс другой классификации/Индекс ББК 22.3я73; 22.2я73; 22.36я73; 22.317я73
090 a Полочн. индекс 22.3я73
x Авторский знак С 128
100 1_ a Автор Савельев И. В.
q Полное имя Савельев Игорь Владимирович
245 10 a Заглавие Курс общей физики
b Продолж. заглавия учебное пособие для вузов: в 3 т.
n Номер части/ раздела Т.2
p Название части/ раздела Электричество и магнетизм. Волны. Оптика
250 a Основные сведения об издании 14-е изд., стер.
260 c Дата издания 2018
b Издательство Лань
a Место издания Санкт-Петербург
300 a Объем 500 с.
b Иллюстрации/ тип воспроизводства ил.
336 a Термин вида содержания Текст
337 a Термин типа средства непосредственный
440 _0 a Серия Учебники для вузов. Специальная литература
440 _0 a Серия Классическая учебная литература по физике
504 a Библиография Предм. указ.: с. 493
521 0_ a Примеч. о целев. назн. студенты
541 1_ a Номер заявки 7222
b Заявитель Шевчук И.И.
c Факультет/Кафедра/Подразделение Кафедра общей физики
d Дата заявки 22.03.2018
f Дисциплина физика
h Уровень подготовки Бакалавриат
n Количество экземпляров 350
650 04 a Основная рубрика магнетизм
a Основная рубрика оптика
a Основная рубрика теория колебаний и волн
a Основная рубрика физика
a Основная рубрика электричество
653 0_ a Ключевые слова Ампера закон
a Ключевые слова Био-Савара закон
a Ключевые слова Вавилова-Черенкова эффект
a Ключевые слова волны
a Ключевые слова газоразрядная плазма
a Ключевые слова Гаусса теорема
a Ключевые слова геометрическая оптика
a Ключевые слова голография
a Ключевые слова Гюйгенса принцип
a Ключевые слова Джоуля-Ленца закон
a Ключевые слова диамагнетизм
a Ключевые слова диполь
a Ключевые слова дисперсия
a Ключевые слова дифракция
a Ключевые слова диэлектрики
a Ключевые слова Доплера эффект
a Ключевые слова дуговой разряд
a Ключевые слова заряженные частицы
a Ключевые слова интерференция
a Ключевые слова ионизационные камеры
a Ключевые слова Кирхгофа правила
a Ключевые слова конденсаторы
a Ключевые слова Кулона закон
a Ключевые слова магнитное поле
a Ключевые слова Майкельсона опыт
a Ключевые слова Максвелла уравнения
a Ключевые слова мощность тока
a Ключевые слова Ома закон
a Ключевые слова отражение
a Ключевые слова парамагнетизм
a Ключевые слова поляризация
a Ключевые слова преломление
a Ключевые слова проводники
a Ключевые слова свет
a Ключевые слова световой поток
a Ключевые слова скорость света
a Ключевые слова тонкая линза
a Ключевые слова упругие волны
a Ключевые слова ферромагнетизм
a Ключевые слова Физо опыт
a Ключевые слова Фуко токи
a Ключевые слова Холла эффект
a Ключевые слова центрированная оптическая система
a Ключевые слова электрические колебания
a Ключевые слова электрический ток
a Ключевые слова электрическое поле
a Ключевые слова электроемкость
a Ключевые слова электромагнитная индукция
a Ключевые слова электромагнитные волны
a Ключевые слова электропроводность металлов
a Ключевые слова энергия
655 a Жанр/ форма (устаревшее) учебное пособие
787 18 w Контрольный номер связываемой записи RU/IS/BASE/264551039
w Контрольный номер связываемой записи RU/IS/BASE/114792136
900 a Имя электронного ресурса obl_saveliev_fizika_2_2018
x Справочная информация Обложка
901 t Тип документа m
952 a Тип литературы для КСУ ВШ УИ
954 a Гриф 1.1.2.22.3